|
|
|
|
| LEADER |
01238nam a2200277 a 4500 |
| 001 |
4432631 |
| 008 |
120620s1994 enk 000 0 eng |
| 010 |
|
|
|a 94016383
|
| 020 |
|
|
|a 0198259263 (acid-free paper)
|
| 040 |
|
|
|a DLC
|c DLC
|d DLC
|d BD-DhAAL
|
| 050 |
0 |
0 |
|a K639
|b .B47 1994
|
| 082 |
0 |
0 |
|a 341.4/81
|2 20
|
| 245 |
0 |
4 |
|a The best interests of the child :
|b reconciling culture and human rights /
|c edited by Philip Alston.
|
| 260 |
|
|
|a Oxford :
|b Clarendon Press ;
|a New York :
|b Oxford University Press,
|c 1994.
|
| 300 |
|
|
|a xiii, 297 p. ;
|c 24 cm.
|
| 500 |
|
|
|a "UNICEF, United Nations Children's Fund, International Child Development Centre, Florence, Italy."
|
| 500 |
|
|
|a "... project conducted by UNICEF's International Child Development Centre in Florence"--P. vii.
|
| 541 |
|
|
|e 00025434
|
| 650 |
|
0 |
|a Children
|x Legal status, laws, etc.
|
| 650 |
|
0 |
|a International relations and culture.
|
| 650 |
|
0 |
|a Human rights.
|
| 700 |
1 |
|
|a Alston, Philip.
|
| 710 |
2 |
|
|a UNICEF.
|b International Child Development Centre.
|
| 852 |
1 |
|
|a Ayesha Abed Library
|c General shelf.
|
| 999 |
|
|
|c 12413
|d 12413
|
| 952 |
|
|
|0 0
|1 0
|2 ddc
|4 0
|6 341_481000000000000_BES
|7 0
|9 20543
|a JPGSPH
|b JPGSPH
|c GEN
|d 2012-06-20
|l 0
|o 341.481 BES
|p 3060025434
|r 2012-06-20
|t 1
|w 2012-06-20
|y BK
|